Elementary mathematical modeling : (Record no. 4566)

MARC details
000 -LEADER
fixed length control field 01047cam a22002894a 4500
001 - CONTROL NUMBER
control field 12025912
003 - CONTROL NUMBER IDENTIFIER
control field 20170123145527.0
005 - DATE AND TIME OF LATEST TRANSACTION
control field 20240606080938.0
008 - FIXED-LENGTH DATA ELEMENTS--GENERAL INFORMATION
fixed length control field 000531s2001 njua 001 0 eng
010 ## - LIBRARY OF CONGRESS CONTROL NUMBER
LC control number 00044103
020 ## - INTERNATIONAL STANDARD BOOK NUMBER
International Standard Book Number 0130962023
040 ## - CATALOGING SOURCE
Original cataloging agency DLC
Transcribing agency DLC
Modifying agency DLC
042 ## - AUTHENTICATION CODE
Authentication code pcc
050 00 - LIBRARY OF CONGRESS CALL NUMBER
Classification number QA331.3
Item number .D395 2001
082 00 - DEWEY DECIMAL CLASSIFICATION NUMBER
Classification number 511/.8
Edition information 21
100 1# - MAIN ENTRY--PERSONAL NAME
Personal name Davis, Mary Ellen.
245 10 - TITLE STATEMENT
Title Elementary mathematical modeling :
Remainder of title functions and graphs /
260 ## - PUBLICATION, DISTRIBUTION, ETC.
Place of publication, distribution, etc. Upper Saddle River, N.J. :
Name of publisher, distributor, etc. Prentice Hall,
Date of publication, distribution, etc. c2001.
300 ## - PHYSICAL DESCRIPTION
Extent xiii, 385 p. :
Other physical details ill. (some col.) ;
Dimensions 27 cm.
500 ## - GENERAL NOTE
General note Includes index.
650 #0 - SUBJECT ADDED ENTRY--TOPICAL TERM
Topical term or geographic name entry element Functions.
650 #0 - SUBJECT ADDED ENTRY--TOPICAL TERM
Topical term or geographic name entry element Algebra
General subdivision Graphic methods.
700 1# - ADDED ENTRY--PERSONAL NAME
Personal name Edwards, C. Henry
Fuller form of name (Charles Henry),
Dates associated with a name 1937-
906 ## - LOCAL DATA ELEMENT F, LDF (RLIN)
a 7
b cbc
c orignew
d 1
e ocip
f 20
g y-gencatlg
942 ## - ADDED ENTRY ELEMENTS (KOHA)
Source of classification or shelving scheme Library of Congress Classification
Koha item type Books
Holdings
Withdrawn status Lost status Source of classification or shelving scheme Damaged status Not for loan Home library Current library Date acquired Total checkouts Full call number Barcode Date last seen Price effective from Koha item type
    Library of Congress Classification     Murang'a University of Technology Library Murang'a University of Technology Library 23/01/2017   QA331.3 .D395 2001 004877 30/08/2024 23/01/2017 Books